[Event "St Mandrier IDF-ch"]
[Site "St Mandrier"]
[Date "2012.04.04"]
[Round "4"]
[White "Remaud, Joel"]
[Black "Maury, Achille"]
[Result "1-0"]
[WhiteElo "1866"]
[BlackElo "1320"]
[PlyCount "115"]
[EventDate "2012.04.03"]
[EventType "swiss"]
[EventRounds "6"]
[EventCountry "FRA"]
[SourceTitle "EXT 2014"]
[Source "ChessBase"]
[SourceDate "2013.11.20"]
[SourceVersion "1"]
[SourceVersionDate "2013.11.20"]
[SourceQuality "1"]

1. e4 e5 2. Nf3 Nc6 3. Bb5 Nf6 4. d3 d6 5. 0-0 Bg4 6. c3 Be7 7. Nbd2 0-0 8. h3 Be6 9. d4 exd4 10. cxd4 d5 11. e5 Nh5 12. Nb3 a6 13. Be2 f6 14. Nh2 fxe5 15. Bxh5 exd4 16. Nxd4 Nxd4 17. Qxd4 Bf6 18. Qe3 Qd6 19. Re1 Rae8 20. Bxe8 Rxe8 21. Ng4 d4 22. Nxf6+ gxf6 23. Qg3+ Qxg3 24. fxg3 c5 25. Bf4 c4 26. a4 d3 27. Bd2 Kf7 28. Re4 f5 29. Re5 Bd7 30. Rxe8 Bxe8 31. a5 Bc6 32. Re1 Kg6 33. Re6+ Kf7 34. Re5 Bd7 35. Rc5 Ke6 36. Rxc4 Kd5 37. Rh4 Bc6 38. Rf4 Ke6 39. Kf2 h5 40. Rd4 Bb5 41. Ke3 Bc6 42. Rxd3 Bxg2 43. h4 Bc6 44. Kf4 Bb5 45. Re3+ Kf6 46. Bc3+ Kg6 47. Re6+ Kf7 48. Rf6+ Ke7 49. Rxf5 Ke6 50. Rxh5 Be8 51. Re5+ Kd7 52. Rxe8 Kxe8 53. Kf5 Kf7 54. h5 Kg8 55. Kg6 Kf8 56. h6 Kg8 57. h7+ Kf8 58. h8Q+ 1-0